[Event "2nd Easter 4NCL Congress"]
[Site "Daventry"]
[Date "2022.04.17"]
[Round "5"]
[Board "10"]
[White "Arkell, Keith C"]
[Black "Sullivan, Daniel Js"]
[Result "1-0"]
[WhiteElo "2462"]
[BlackElo "2061"]
[PlyCount "0"]
[EventDate "2022.04.15"]
[EventRounds "7"]
[EventCountry "ENG"]

1. d4 {[%clk 01:30:22]} {[%emt 00:00:37]} d5 {[%clk 01:30:53]} {[%emt
00:00:08]} 2. Nf3 {[%clk 01:30:39]} {[%emt 00:00:13]} Nf6 {[%clk 01:31:14]}
{[%emt 00:00:08]} 3. c4 {[%clk 01:31:04]} {[%emt 00:00:05]} e6 {[%clk
01:31:41]} {[%emt 00:00:04]} 4. cxd5 {[%clk 01:31:29]} {[%emt 00:00:05]} exd5
{[%clk 01:32:05]} {[%emt 00:00:06]} 5. Nc3 {[%clk 01:31:56]} {[%emt 00:00:03]}
c6 {[%clk 01:32:26]} {[%emt 00:00:09]} 6. Qc2 {[%clk 01:32:15]} {[%emt
00:00:11]} Be7 {[%clk 01:31:40]} {[%emt 00:01:15]} 7. Bg5 {[%clk 01:32:39]}
{[%emt 00:00:05]} Nbd7 {[%clk 01:30:53]} {[%emt 00:01:18]} 8. e3 {[%clk
01:33:03]} {[%emt 00:00:06]} h6 {[%clk 01:30:08]} {[%emt 00:01:15]} 9. Bh4
{[%clk 01:33:25]} {[%emt 00:00:08]} Nh5 {[%clk 01:29:21]} {[%emt 00:01:17]} 10.
Bxe7 {[%clk 01:33:48]} {[%emt 00:00:08]} Qxe7 {[%clk 01:29:44]} {[%emt
00:00:07]} 11. Be2 {[%clk 01:34:10]} {[%emt 00:00:08]} O-O {[%clk 01:26:33]}
{[%emt 00:03:41]} 12. O-O {[%clk 01:34:34]} {[%emt 00:00:05]} Nhf6 {[%clk
01:25:32]} {[%emt 00:01:31]} 13. Rfc1 {[%clk 01:34:07]} {[%emt 00:00:57]} Re8
{[%clk 01:22:56]} {[%emt 00:03:05]} 14. Rab1 {[%clk 01:33:57]} {[%emt
00:00:41]} a5 {[%clk 01:18:54]} {[%emt 00:04:34]} 15. a3 {[%clk 01:34:15]}
{[%emt 00:00:11]} Nb6 {[%clk 01:13:58]} {[%emt 00:05:26]} 16. Ne5 {[%clk
01:33:57]} {[%emt 00:00:47]} Nfd7 {[%clk 01:06:36]} {[%emt 00:07:53]} 17. Nxd7
{[%clk 01:32:34]} {[%emt 00:01:53]} Bxd7 {[%clk 01:05:48]} {[%emt 00:01:17]} 18.
b4 {[%clk 01:32:58]} {[%emt 00:00:06]} axb4 {[%clk 01:03:57]} {[%emt 00:02:22]}
19. Rxb4 {[%clk 01:32:50]} {[%emt 00:00:37]} Nc8 {[%clk 01:02:37]} {[%emt
00:01:50]} 20. Rxb7 {[%clk 01:33:05]} {[%emt 00:00:15]} Rxa3 {[%clk 01:01:10]}
{[%emt 00:01:58]} 21. Bg4 {[%clk 01:32:12]} {[%emt 00:01:22]} Ra7 {[%clk
01:00:02]} {[%emt 00:01:39]} 22. Bxd7 {[%clk 01:32:15]} {[%emt 00:00:27]} Rxb7
{[%clk 00:58:42]} {[%emt 00:01:50]} 23. Bxe8 {[%clk 01:32:39]} {[%emt
00:00:07]} Qxe8 {[%clk 00:58:51]} {[%emt 00:00:21]} 24. Nxd5 {[%clk 01:32:50]}
{[%emt 00:00:18]} cxd5 {[%clk 00:56:33]} {[%emt 00:02:48]} 25. Qxc8 {[%clk
01:33:15]} {[%emt 00:00:06]} Qxc8 {[%clk 00:56:54]} {[%emt 00:00:09]} 26. Rxc8+
{[%clk 01:33:40]} {[%emt 00:00:05]} Kh7 {[%clk 00:57:15]} {[%emt 00:00:09]} 27.
g4 {[%clk 01:34:03]} {[%emt 00:00:06]} Rd7 {[%clk 00:55:15]} {[%emt 00:02:30]}
28. Kg2 {[%clk 01:34:26]} {[%emt 00:00:07]} Kg6 {[%clk 00:54:36]} {[%emt
00:01:08]} 29. Rc6+ {[%clk 01:34:46]} {[%emt 00:00:11]} f6 {[%clk 00:54:31]}
{[%emt 00:00:35]} 30. h4 {[%clk 01:35:07]} {[%emt 00:00:09]} h5 {[%clk
00:53:18]} {[%emt 00:01:43]} 31. g5 {[%clk 01:35:32]} {[%emt 00:00:05]} Kf5
{[%clk 00:53:32]} {[%emt 00:00:16]} 32. gxf6 {[%clk 01:35:50]} {[%emt
00:00:12]} gxf6 {[%clk 00:53:56]} {[%emt 00:00:07]} 33. Kf3 {[%clk 01:36:13]}
{[%emt 00:00:06]} Rd8 {[%clk 00:53:29]} {[%emt 00:00:57]} 34. Rc5 {[%clk
01:36:35]} {[%emt 00:00:08]} Kg6 {[%clk 00:52:17]} {[%emt 00:01:42]} 35. Kf4
{[%clk 01:36:42]} {[%emt 00:00:23]} Rd6 {[%clk 00:51:28]} {[%emt 00:01:20]} 36.
Ra5 {[%clk 01:35:57]} {[%emt 00:01:15]} Rd7 {[%clk 00:50:36]} {[%emt 00:01:21]}
37. Ra8 {[%clk 01:34:48]} {[%emt 00:01:39]} Rd6 {[%clk 00:49:45]} {[%emt
00:01:21]} 38. Rg8+ {[%clk 01:35:12]} {[%emt 00:00:06]} Kf7 {[%clk 00:49:12]}
{[%emt 00:01:03]} 39. Rg1 {[%clk 01:35:12]} {[%emt 00:00:30]} Ke6 {[%clk
00:47:04]} {[%emt 00:02:38]} 40. Rg7 {[%clk 01:35:24]} {[%emt 00:00:18]} Ra6
{[%clk 00:46:04]} {[%emt 00:01:31]} 41. Rh7 {[%clk 01:35:45]} {[%emt 00:00:08]}
Ra2 {[%clk 00:46:30]} {[%emt 00:00:04]} 42. Kf3 {[%clk 01:35:57]} {[%emt
00:00:18]} Ra1 {[%clk 00:46:05]} {[%emt 00:00:55]} 43. Rxh5 {[%clk 01:36:08]}
{[%emt 00:00:19]} Rh1 {[%clk 00:46:05]} {[%emt 00:00:30]} 44. Rh8 {[%clk
01:35:54]} {[%emt 00:00:45]} Kf7 {[%clk 00:45:16]} {[%emt 00:01:19]} 45. Kg2
{[%clk 01:35:57]} {[%emt 00:00:26]} Ra1 {[%clk 00:45:35]} {[%emt 00:00:11]} 46.
Rd8 {[%clk 01:36:16]} {[%emt 00:00:12]} Ke6 {[%clk 00:45:23]} {[%emt 00:00:41]}
47. h5 {[%clk 01:36:18]} {[%emt 00:00:28]} Ra7 {[%clk 00:45:13]} {[%emt
00:00:40]} 48. Rh8 {[%clk 01:36:28]} {[%emt 00:00:20]} Rg7+ {[%clk 00:43:45]}
{[%emt 00:01:59]} 49. Kf3 {[%clk 01:36:42]} {[%emt 00:00:16]} Rd7 {[%clk
00:43:53]} {[%emt 00:00:22]} 50. Kf4 {[%clk 01:36:49]} {[%emt 00:00:23]} Rf7
{[%clk 00:43:41]} {[%emt 00:00:41]} 51. Ra8 {[%clk 01:36:41]} {[%emt 00:00:38]}
Rd7 {[%clk 00:42:48]} {[%emt 00:01:24]} 52. Ra6+ {[%clk 01:36:51]} {[%emt
00:00:19]} Kf7 {[%clk 00:43:13]} {[%emt 00:00:05]} 53. Kf5 {[%clk 01:37:15]}
 1-0

[Event "2nd Easter 4NCL Congress"]
[Site "Daventry"]
[Date "2022.04.17"]
[Round "5"]
[Board "11"]
[White "Phan, Stefanus"]
[Black "Burrows, Martin P"]
[Result "1-0"]
[WhiteElo "2038"]
[BlackElo "2214"]
[PlyCount "0"]
[EventDate "2022.04.15"]
[EventRounds "7"]
[EventCountry "ENG"]

1. c4 {[%clk 01:30:56]} {[%emt 00:00:03]} Nf6 {[%clk 01:30:47]} {[%emt
00:00:14]} 2. g3 {[%clk 01:31:20]} {[%emt 00:00:06]} g6 {[%clk 01:30:30]}
{[%emt 00:00:47]} 3. Bg2 {[%clk 01:31:43]} {[%emt 00:00:07]} Bg7 {[%clk
01:30:54]} {[%emt 00:00:06]} 4. Nc3 {[%clk 01:32:07]} {[%emt 00:00:06]} O-O
{[%clk 01:31:10]} {[%emt 00:00:15]} 5. e4 {[%clk 01:32:31]} {[%emt 00:00:05]}
d6 {[%clk 01:31:30]} {[%emt 00:00:10]} 6. Nge2 {[%clk 01:32:54]} {[%emt
00:00:06]} c5 {[%clk 01:31:46]} {[%emt 00:00:15]} 7. O-O {[%clk 01:33:14]}
{[%emt 00:00:09]} Nc6 {[%clk 01:32:07]} {[%emt 00:00:10]} 8. d3 {[%clk
01:33:30]} {[%emt 00:00:14]} a6 {[%clk 01:31:57]} {[%emt 00:00:41]} 9. h3
{[%clk 01:33:44]} {[%emt 00:00:15]} Rb8 {[%clk 01:32:01]} {[%emt 00:00:26]} 10.
a4 {[%clk 01:34:01]} {[%emt 00:00:12]} Ne8 {[%clk 01:31:52]} {[%emt 00:00:39]}
11. Be3 {[%clk 01:34:04]} {[%emt 00:00:26]} e5 {[%clk 01:31:49]} {[%emt
00:00:36]} 12. Kh2 {[%clk 01:31:09]} {[%emt 00:03:23]} Nc7 {[%clk 01:22:49]}
{[%emt 00:09:31]} 13. Rb1 {[%clk 01:24:49]} {[%emt 00:06:50]} b5 {[%clk
01:21:30]} {[%emt 00:01:49]} 14. axb5 {[%clk 01:22:50]} {[%emt 00:02:29]} axb5
{[%clk 01:21:51]} {[%emt 00:00:09]} 15. b3 {[%clk 01:23:10]} {[%emt 00:00:09]}
b4 {[%clk 01:17:51]} {[%emt 00:04:31]} 16. Nd5 {[%clk 01:22:10]} {[%emt
00:01:29]} Nxd5 {[%clk 01:18:06]} {[%emt 00:00:14]} 17. exd5 {[%clk 01:21:56]}
{[%emt 00:00:45]} Ne7 {[%clk 01:18:05]} {[%emt 00:00:31]} 18. Qd2 {[%clk
01:09:36]} {[%emt 00:12:48]} Nf5 {[%clk 01:14:29]} {[%emt 00:04:07]} 19. Bg5
{[%clk 01:09:42]} {[%emt 00:00:24]} Qc7 {[%clk 01:13:02]} {[%emt 00:01:58]} 20.
g4 {[%clk 01:02:50]} {[%emt 00:07:23]} Nd4 {[%clk 01:10:16]} {[%emt 00:03:15]}
21. Nxd4 {[%clk 01:02:30]} {[%emt 00:00:49]} exd4 {[%clk 01:10:31]} {[%emt
00:00:16]} 22. Rbe1 {[%clk 01:01:23]} {[%emt 00:01:37]} f6 {[%clk 01:05:12]}
{[%emt 00:05:49]} 23. Bf4 {[%clk 00:56:57]} {[%emt 00:04:56]} Qd8 {[%clk
01:05:08]} {[%emt 00:00:34]} 24. Re6 {[%clk 00:47:00]} {[%emt 00:10:26]} Bxe6
{[%clk 00:54:32]} {[%emt 00:11:05]} 25. dxe6 {[%clk 00:47:23]} {[%emt
00:00:08]} Re8 {[%clk 00:54:49]} {[%emt 00:00:13]} 26. Bd5 {[%clk 00:44:32]}
{[%emt 00:03:21]} Kh8 {[%clk 00:50:57]} {[%emt 00:04:22]} 27. Ra1 {[%clk
00:42:25]} {[%emt 00:02:37]} Qb6 {[%clk 00:51:10]} {[%emt 00:00:17]} 28. Kg2
{[%clk 00:37:35]} {[%emt 00:05:20]} Bf8 {[%clk 00:45:44]} {[%emt 00:05:56]} 29.
Ra4 {[%clk 00:35:43]} {[%emt 00:02:22]} Be7 {[%clk 00:42:39]} {[%emt 00:03:35]}
30. Qa2 {[%clk 00:34:42]} {[%emt 00:01:31]} g5 {[%clk 00:40:07]} {[%emt
00:03:02]} 31. Bg3 {[%clk 00:33:51]} {[%emt 00:01:19]} Kg7 {[%clk 00:39:56]}
{[%emt 00:00:43]} 32. Ra6 {[%clk 00:33:35]} {[%emt 00:00:46]} Qd8 {[%clk
00:39:46]} {[%emt 00:00:40]} 33. Ra7 {[%clk 00:31:24]} {[%emt 00:02:42]} Qb6
{[%clk 00:34:57]} {[%emt 00:05:18]} 34. Rd7 {[%clk 00:27:01]} {[%emt 00:04:52]}
Kf8 {[%clk 00:34:18]} {[%emt 00:01:10]} 35. f4 {[%clk 00:27:06]} {[%emt
00:00:25]} gxf4 {[%clk 00:20:54]} {[%emt 00:13:55]} 36. Bxf4 {[%clk 00:26:51]}
{[%emt 00:00:45]} Kg8 {[%clk 00:21:11]} {[%emt 00:00:13]} 37. Bh6 {[%clk
00:22:43]} {[%emt 00:04:37]} Kh8 {[%clk 00:20:16]} {[%emt 00:01:25]} 38. Qf2
{[%clk 00:19:14]} {[%emt 00:03:59]} f5 {[%clk 00:18:31]} {[%emt 00:02:14]} 39.
Qxf5 {[%clk 00:17:58]} {[%emt 00:01:46]} Rf8 {[%clk 00:18:46]} {[%emt
00:00:15]} 40. Bxf8 {[%clk 00:12:29]} {[%emt 00:06:00]} Rxf8 {[%clk 00:19:14]}
{[%emt 00:00:02]} 41. Rxe7 {[%clk 00:12:32]} {[%emt 00:00:27]} Rxf5 {[%clk
00:19:26]} {[%emt 00:00:18]} 42. gxf5 {[%clk 00:12:51]} {[%emt 00:00:11]} Qd8
{[%clk 00:16:12]} {[%emt 00:03:44]} 43. f6 {[%clk 00:13:08]} {[%emt 00:00:12]}
Qf8 {[%clk 00:16:19]} {[%emt 00:00:24]} 44. Rg7 {[%clk 00:11:14]} {[%emt
00:02:24]} Qxf6 {[%clk 00:14:02]} {[%emt 00:02:46]} 45. Rg8+ {[%clk 00:11:32]}
{[%emt 00:00:12]} Kxg8 {[%clk 00:14:29]} {[%emt 00:00:04]} 46. e7+ {[%clk
00:11:52]} {[%emt 00:00:09]} Kh8 {[%clk 00:14:32]} {[%emt 00:00:28]} 47. e8=Q+
{[%clk 00:12:14]} {[%emt 00:00:08]} Kg7 {[%clk 00:14:57]} {[%emt 00:00:05]} 48.
Qg8+ {[%clk 00:12:34]} {[%emt 00:00:09]} Kh6 {[%clk 00:15:15]} {[%emt
00:00:13]} 49. Qe6 {[%clk 00:13:00]} {[%emt 00:00:05]}  1-0

[Event "2nd Easter 4NCL Congress"]
[Site "Daventry"]
[Date "2022.04.17"]
[Round "5"]
[Board "12"]
[White "Thompson, Ian D"]
[Black "Horspool, Philip J"]
[Result "1-0"]
[WhiteElo "2213"]
[BlackElo "2079"]
[PlyCount "0"]
[EventDate "2022.04.15"]
[EventRounds "7"]
[EventCountry "ENG"]

1. c4 {[%clk 01:30:57]} {[%emt 00:00:02]} Nf6 {[%clk 01:30:55]} {[%emt
00:00:06]} 2. Nc3 {[%clk 01:31:18]} {[%emt 00:00:08]} e6 {[%clk 01:31:20]}
{[%emt 00:00:04]} 3. e4 {[%clk 01:31:39]} {[%emt 00:00:10]} c5 {[%clk
01:31:46]} {[%emt 00:00:05]} 4. e5 {[%clk 01:32:04]} {[%emt 00:00:04]} Ng8
{[%clk 01:32:11]} {[%emt 00:00:06]} 5. Nf3 {[%clk 01:32:27]} {[%emt 00:00:07]}
Nc6 {[%clk 01:32:35]} {[%emt 00:00:06]} 6. d4 {[%clk 01:32:43]} {[%emt
00:00:13]} cxd4 {[%clk 01:33:01]} {[%emt 00:00:04]} 7. Nxd4 {[%clk 01:33:07]}
{[%emt 00:00:06]} Nxe5 {[%clk 01:33:27]} {[%emt 00:00:05]} 8. Ndb5 {[%clk
01:33:07]} {[%emt 00:00:30]} a6 {[%clk 01:33:42]} {[%emt 00:00:15]} 9. Nd6+
{[%clk 01:33:30]} {[%emt 00:00:06]} Bxd6 {[%clk 01:34:07]} {[%emt 00:00:06]} 10.
Qxd6 {[%clk 01:33:54]} {[%emt 00:00:06]} f6 {[%clk 01:34:23]} {[%emt 00:00:14]}
11. Be3 {[%emt 00:00:31]} Ne7 {[%clk 01:34:33]} 12. Bb6 {[%clk 01:34:24]}
{[%emt 00:00:17]} Nf5 {[%clk 01:34:52]} {[%emt 00:00:10]} 13. Qc5 {[%clk
01:34:24]} {[%emt 00:00:31]} d6 {[%clk 01:33:36]} {[%emt 00:01:47]} 14. Qa5
{[%clk 01:34:41]} {[%emt 00:00:12]} Qe7 {[%clk 01:32:40]} {[%emt 00:01:26]} 15.
O-O-O {[%clk 01:34:18]} {[%emt 00:00:54]} O-O {[%clk 01:32:15]} {[%emt
00:00:55]} 16. f4 {[%clk 01:32:58]} {[%emt 00:01:50]} Nd7 {[%clk 01:31:54]}
{[%emt 00:00:52]} 17. Bf2 {[%clk 01:30:54]} {[%emt 00:02:34]} b6 {[%clk
01:25:48]} {[%emt 00:06:36]} 18. Qa3 {[%clk 01:28:16]} {[%emt 00:03:07]} Nc5
{[%clk 01:21:15]} {[%emt 00:05:03]} 19. b4 {[%clk 01:22:37]} {[%emt 00:06:09]}
Nd7 {[%clk 01:20:21]} {[%emt 00:01:25]} 20. Bd3 {[%clk 01:22:34]} {[%emt
00:00:33]} Nh6 {[%clk 01:18:41]} {[%emt 00:02:09]} 21. Rhe1 {[%clk 01:20:55]}
{[%emt 00:02:08]} Bb7 {[%clk 01:02:05]} {[%emt 00:17:06]} 22. g3 {[%clk
01:09:18]} {[%emt 00:12:08]} Rfc8 {[%clk 00:54:31]} {[%emt 00:08:04]} 23. Qb3
{[%clk 01:07:45]} {[%emt 00:02:02]} a5 {[%clk 00:37:03]} {[%emt 00:17:59]} 24.
a3 {[%clk 01:07:36]} {[%emt 00:00:39]} Ng4 {[%clk 00:27:47]} {[%emt 00:09:46]}
25. Bg1 {[%clk 01:07:32]} {[%emt 00:00:34]} Bf3 {[%clk 00:25:44]} {[%emt
00:02:34]} 26. Rd2 {[%clk 01:07:31]} {[%emt 00:00:31]} axb4 {[%clk 00:25:59]}
{[%emt 00:00:15]} 27. axb4 {[%clk 01:07:37]} {[%emt 00:00:23]} Ra1+ {[%clk
00:25:52]} {[%emt 00:00:38]} 28. Nb1 {[%clk 01:07:47]} {[%emt 00:00:20]} Nh6
{[%clk 00:21:26]} {[%emt 00:04:56]} 29. Bd4 {[%clk 00:57:06]} {[%emt 00:11:11]}
Raa8 {[%clk 00:19:42]} {[%emt 00:02:14]} 30. Rc2 {[%clk 00:55:47]} {[%emt
00:01:49]} Bh5 {[%clk 00:19:30]} {[%emt 00:00:42]} 31. Be4 {[%clk 00:51:45]}
{[%emt 00:04:32]} Rab8 {[%clk 00:19:18]} {[%emt 00:00:42]} 32. Qd3 {[%clk
00:51:17]} {[%emt 00:00:58]} f5 {[%clk 00:16:42]} {[%emt 00:03:07]} 33. Bg2
{[%clk 00:45:34]} {[%emt 00:06:12]} Bf7 {[%clk 00:14:53]} {[%emt 00:02:19]} 34.
h3 {[%clk 00:42:31]} {[%emt 00:03:33]} Qf8 {[%clk 00:12:12]} {[%emt 00:03:11]}
35. Bb2 {[%clk 00:35:12]} {[%emt 00:07:50]} Kh8 {[%clk 00:04:35]} {[%emt
00:08:06]} 36. Nc3 {[%clk 00:31:12]} {[%emt 00:04:30]} e5 {[%clk 00:04:05]}
{[%emt 00:01:01]} 37. Nb5 {[%clk 00:28:25]} {[%emt 00:03:17]} e4 {[%clk
00:03:06]} {[%emt 00:01:28]} 38. Qxd6 {[%clk 00:26:34]} {[%emt 00:02:21]} Qxd6
{[%clk 00:03:03]} {[%emt 00:00:33]} 39. Nxd6 {[%clk 00:27:02]} {[%emt
00:00:02]} Rd8 {[%clk 00:01:03]} {[%emt 00:02:30]} 40. Nxf7+ {[%clk 00:25:13]}
{[%emt 00:02:20]} Nxf7 {[%clk 00:01:31]} {[%emt 00:00:01]} 41. g4 {[%clk
00:25:14]} {[%emt 00:00:28]} fxg4 {[%clk 00:00:43]} {[%emt 00:01:18]} 42. hxg4
{[%clk 00:25:42]} {[%emt 00:00:03]} Nh6 {[%clk 00:00:47]} {[%emt 00:00:26]} 43.
g5 {[%clk 00:25:14]} {[%emt 00:00:58]} Nf5 {[%clk 00:00:41]} {[%emt 00:00:36]}
44. Rxe4 {[%clk 00:24:14]} {[%emt 00:01:30]} Kg8 {[%clk 00:00:41]} {[%emt
00:00:30]} 45. Bh3 {[%clk 00:23:45]} {[%emt 00:00:59]} Rf8 {[%clk 00:00:41]}
{[%emt 00:00:31]} 46. Rd2 {[%clk 00:23:00]} {[%emt 00:01:15]} Rb7 {[%clk
00:00:55]} {[%emt 00:00:16]} 47. Re6 {[%clk 00:20:08]} {[%emt 00:03:21]} g6
{[%clk 00:00:50]} {[%emt 00:00:36]} 48. Bg2 {[%clk 00:19:25]} {[%emt 00:01:12]}
 1-0

[Event "2nd Easter 4NCL Congress"]
[Site "Daventry"]
[Date "2022.04.17"]
[Round "5"]
[Board "13"]
[White "Finn, Peter"]
[Black "Southcott-Moyers, Indy"]
[Result "1/2-1/2"]
[WhiteElo "2177"]
[BlackElo "2052"]
[PlyCount "0"]
[EventDate "2022.04.15"]
[EventRounds "7"]
[EventCountry "ENG"]

1. e4 {[%clk 01:25:34]} {[%emt 00:05:25]} e5 {[%clk 01:30:55]} {[%emt
00:00:05]} 2. Nf3 {[%clk 01:25:20]} {[%emt 00:00:45]} Nc6 {[%clk 01:31:19]}
{[%emt 00:00:06]} 3. Bc4 {[%clk 01:25:40]} {[%emt 00:00:10]} Bc5 {[%clk
01:31:44]} {[%emt 00:00:05]} 4. c3 {[%clk 01:26:05]} {[%emt 00:00:06]} Nf6
{[%clk 01:32:06]} {[%emt 00:00:07]} 5. d3 {[%clk 01:26:29]} {[%emt 00:00:06]}
d6 {[%clk 01:32:20]} {[%emt 00:00:16]} 6. O-O {[%clk 01:26:52]} {[%emt
00:00:07]} h6 {[%clk 01:32:03]} {[%emt 00:00:46]} 7. Nbd2 {[%clk 01:27:17]}
{[%emt 00:00:05]} O-O {[%clk 01:28:54]} {[%emt 00:03:39]} 8. h3 {[%clk
01:27:37]} {[%emt 00:00:10]} a5 {[%clk 01:29:09]} {[%emt 00:00:15]} 9. Re1
{[%clk 01:27:58]} {[%emt 00:00:10]} Be6 {[%clk 01:29:29]} {[%emt 00:00:10]} 10.
b3 {[%clk 01:28:21]} {[%emt 00:00:06]} Ba7 {[%clk 01:24:50]} {[%emt 00:05:10]}
11. Bb2 {[%clk 01:25:34]} {[%emt 00:03:17]} Re8 {[%clk 01:20:46]} {[%emt
00:04:34]} 12. Qc2 {[%clk 01:22:29]} {[%emt 00:03:35]} Nh5 {[%clk 01:15:12]}
{[%emt 00:06:04]} 13. d4 {[%clk 00:57:57]} {[%emt 00:25:03]} Bxc4 {[%clk
01:03:01]} {[%emt 00:12:40]} 14. Nxc4 {[%clk 00:57:21]} {[%emt 00:01:07]} Qf6
{[%clk 00:56:19]} {[%emt 00:07:11]} 15. Ne3 {[%clk 00:53:51]} {[%emt 00:04:00]}
Nf4 {[%clk 00:54:03]} {[%emt 00:02:46]} 16. Nd5 {[%clk 00:50:35]} {[%emt
00:03:46]} Qg6 {[%clk 00:47:12]} {[%emt 00:07:21]} 17. Nxf4 {[%clk 00:50:25]}
{[%emt 00:00:40]} exf4 {[%clk 00:47:37]} {[%emt 00:00:06]} 18. Re2 {[%clk
00:45:53]} {[%emt 00:05:02]} Re7 {[%clk 00:46:12]} {[%emt 00:01:55]} 19. Rae1
{[%clk 00:45:02]} {[%emt 00:01:20]} Rae8 {[%clk 00:46:20]} {[%emt 00:00:23]} 20.
c4 {[%clk 00:35:04]} {[%emt 00:10:27]} Nb4 {[%clk 00:38:31]} {[%emt 00:08:19]}
21. Qb1 {[%clk 00:35:02]} {[%emt 00:00:32]} d5 {[%clk 00:38:02]} {[%emt
00:01:00]} 22. a3 {[%clk 00:22:57]} {[%emt 00:12:35]} dxe4 {[%clk 00:37:27]}
{[%emt 00:01:05]} 23. Nh4 {[%clk 00:23:19]} {[%emt 00:00:07]} Qg5 {[%clk
00:35:39]} {[%emt 00:02:18]} 24. axb4 {[%clk 00:21:33]} {[%emt 00:02:17]} Qxh4
{[%clk 00:35:45]} {[%emt 00:00:24]} 25. Rxe4 {[%clk 00:21:35]} {[%emt
00:00:27]} axb4 {[%clk 00:33:55]} {[%emt 00:02:20]} 26. Qd3 {[%clk 00:14:15]}
{[%emt 00:07:50]} Qf6 {[%clk 00:19:53]} {[%emt 00:14:32]} 27. f3 {[%clk
00:06:46]} {[%emt 00:07:59]} c6 {[%clk 00:16:43]} {[%emt 00:03:40]} 28. Kf1
{[%clk 00:06:08]} {[%emt 00:01:08]} Qh4 {[%clk 00:15:44]} {[%emt 00:01:30]} 29.
R1e2 {[%clk 00:05:27]} {[%emt 00:01:11]} f5 {[%clk 00:10:04]} {[%emt 00:06:10]}
30. Rxe7 {[%clk 00:05:32]} {[%emt 00:00:25]} Rxe7 {[%clk 00:10:28]} {[%emt
00:00:06]} 31. Qxf5 {[%clk 00:04:52]} {[%emt 00:01:09]} Rxe2 {[%clk 00:09:31]}
{[%emt 00:01:27]} 32. Kxe2 {[%clk 00:05:17]} {[%emt 00:00:05]} Qe7+ {[%clk
00:09:12]} {[%emt 00:00:49]} 33. Qe4 {[%clk 00:04:16]} {[%emt 00:01:31]} Qg5
{[%clk 00:07:43]} {[%emt 00:01:58]} 34. Kf1 {[%clk 00:03:11]} {[%emt 00:01:35]}
Qg3 {[%clk 00:05:47]} {[%emt 00:02:26]} 35. Qe6+ {[%clk 00:02:45]} {[%emt
00:00:57]} Kh7 {[%clk 00:04:50]} {[%emt 00:01:27]} 36. Qf5+ {[%clk 00:02:52]}
{[%emt 00:00:24]} Kg8 {[%clk 00:01:51]} {[%emt 00:03:28]} 37. Qc8+ {[%clk
00:02:50]} {[%emt 00:00:32]} Kh7 {[%clk 00:02:00]} {[%emt 00:00:22]} 38. Qxb7
{[%clk 00:03:03]} {[%emt 00:00:16]} Qg6 {[%clk 00:02:17]} {[%emt 00:00:13]} 39.
Qxa7 {[%clk 00:01:45]} {[%emt 00:01:48]} Qb1+ {[%clk 00:02:41]} {[%emt
00:00:06]} 40. Kf2 {[%clk 00:01:40]} {[%emt 00:00:35]} Qxb2+ {[%clk 00:03:03]}
{[%emt 00:00:08]} 41. Kg1 {[%clk 00:02:06]} {[%emt 00:00:04]} Qxb3 {[%clk
00:02:13]} {[%emt 00:01:21]} 42. Qc5 {[%clk 00:02:18]} {[%emt 00:00:17]} Qd1+
{[%clk 00:01:16]} {[%emt 00:01:27]} 43. Kh2 {[%clk 00:02:36]} {[%emt 00:00:12]}
b3 {[%clk 00:01:42]} {[%emt 00:00:04]} 44. Qf5+ {[%clk 00:02:26]} {[%emt
00:00:39]} Kg8 {[%clk 00:02:05]} {[%emt 00:00:08]} 45. Qe6+ {[%clk 00:02:17]}
{[%emt 00:00:39]} Kh7 {[%clk 00:02:25]} {[%emt 00:00:11]}  1/2-1/2

[Event "2nd Easter 4NCL Congress"]
[Site "Daventry"]
[Date "2022.04.17"]
[Round "5"]
[Board "14"]
[White "Ackley, Peter Je"]
[Black "Gomez, Daniel"]
[Result "1/2-1/2"]
[WhiteElo "2156"]
[BlackElo "2025"]
[PlyCount "0"]
[EventDate "2022.04.15"]
[EventRounds "7"]
[EventCountry "ENG"]

1. g3 {[%clk 01:30:59]} Nf6 {[%clk 01:29:51]} {[%emt 00:01:10]} 2. Bg2 {[%clk
01:31:24]} {[%emt 00:00:04]} d5 {[%clk 01:29:44]} {[%emt 00:00:37]} 3. Nf3
{[%clk 01:31:40]} {[%emt 00:00:15]} e6 {[%clk 01:29:39]} {[%emt 00:00:34]} 4.
O-O {[%clk 01:32:03]} {[%emt 00:00:07]} Be7 {[%clk 01:30:06]} {[%emt 00:00:04]}
5. c4 {[%clk 01:32:22]} {[%emt 00:00:11]} dxc4 {[%clk 01:30:01]} {[%emt
00:00:35]} 6. Qa4+ {[%clk 01:32:13]} {[%emt 00:00:39]} Nbd7 {[%clk 01:30:15]}
{[%emt 00:00:16]} 7. Qxc4 {[%clk 01:32:16]} {[%emt 00:00:27]} a6 {[%clk
01:30:03]} {[%emt 00:00:42]} 8. Qc2 {[%clk 01:29:27]} {[%emt 00:03:18]} O-O
{[%clk 01:29:28]} {[%emt 00:01:05]} 9. d4 {[%clk 01:28:45]} {[%emt 00:01:13]}
c5 {[%clk 01:29:47]} {[%emt 00:00:12]} 10. Nc3 {[%clk 01:27:09]} {[%emt
00:02:05]} cxd4 {[%clk 01:24:25]} {[%emt 00:05:53]} 11. Nxd4 {[%clk 01:27:21]}
{[%emt 00:00:18]} Re8 {[%clk 00:54:24]} {[%emt 00:30:31]} 12. Rd1 {[%clk
01:18:36]} {[%emt 00:09:14]} Qc7 {[%clk 00:50:32]} {[%emt 00:04:22]} 13. Bg5
{[%clk 01:18:27]} {[%emt 00:00:39]} h6 {[%clk 00:50:35]} {[%emt 00:00:28]} 14.
Bxf6 {[%clk 01:18:27]} {[%emt 00:00:30]} Nxf6 {[%clk 00:50:55]} {[%emt
00:00:10]} 15. Rac1 {[%clk 01:13:41]} {[%emt 00:05:15]} Qb6 {[%clk 00:50:33]}
{[%emt 00:00:52]} 16. Na4 {[%clk 01:10:00]} {[%emt 00:04:11]} Qa7 {[%clk
00:50:28]} {[%emt 00:00:35]} 17. Nc5 {[%clk 00:56:08]} {[%emt 00:14:22]} e5
{[%clk 00:42:25]} {[%emt 00:08:33]} 18. Ndb3 {[%clk 00:55:02]} {[%emt
00:01:36]} Rb8 {[%clk 00:42:24]} {[%emt 00:00:31]} 19. Ne4 {[%clk 00:42:35]}
{[%emt 00:12:57]} Be6 {[%clk 00:38:07]} {[%emt 00:04:47]} 20. Nxf6+ {[%emt
00:12:00]}  1/2-1/2